Transición a la democracia y su consolidación en Centroamérica: un enfoque para su análisis /

Con el fin de contribuir al debate teórico y a la aclaración conceptual sobre el tema de la consolidación democrática y su pertinencia para el estudio de los procesos de institucionalización de este régimen político en la región centroamericana, el autor desarrolla su artículo en tres partes. La pri...

Celý popis

Uloženo v:
Podrobná bibliografie
Hlavní autor: Rovira Mas, Jorge
Médium: Text
Jazyk:Spanish
Témata:
Tagy: Přidat tag
Žádné tagy, Buďte první, kdo vytvoří štítek k tomuto záznamu!

MARC

LEADER 00000 a a2200000 04500
001 1128
003 cru IIS
005 20210812112258.0
008 210812b |||||||| |||| 00| 0 spa d
040 |c cru IIS 
100 |a Rovira Mas, Jorge  
245 |a Transición a la democracia y su consolidación en Centroamérica:   |b un enfoque para su análisis /  |c Jorge Rovira Mas 
500 |a Resumen también en inglés  
500 |a Colección Centroamérica 
520 |a Con el fin de contribuir al debate teórico y a la aclaración conceptual sobre el tema de la consolidación democrática y su pertinencia para el estudio de los procesos de institucionalización de este régimen político en la región centroamericana, el autor desarrolla su artículo en tres partes. La primera, dedicada a precisar el concepto de democracia la segunda, a aclarar la idea de transición a la democracia y sus particularidades en los casos regionales y la tercera, a profundizar en la noción de consolidación democrática, su definición, alcances y relevancia para la investigación sobre las democracias de Centroamérica de reciente factura  
650 |a DEMOCRACIA  
650 |a DEMOCRATIZACION  
650 |a SISTEMAS POLITICOS  
650 |a DESARROLLO POLITICO  
650 |a HISTORIA POLITICA  
650 |a DOCTRINAS POLITICAS  
650 |a TEORIA  
773 |g volumen 28, número 1 -2; páginas 9-56  
773 0 |0 18765  |9 5848  |a Universidad de Costa Rica.  |d San José, Costa Rica: Editorial Universidad de Costa Rica, 1974-  |o 21443  |t Anuario de Estudios Centroamericanos /  |x 03777316 
942 |2 ddc  |c PP 
999 |c 24838  |d 24838